00438 a2200133 4500003000400000005001700004008004100021020001800062040000900080082001700089245011500106260006900221300001400290OSt20260310123438.0260310b |||||||| |||| 00| 0 eng d a9789334377033 coclc a923.7bKOO/B aBook of Memoirs: Tapestry of Principals' Campus Experiences /cChief editor Prof. Dr.E John Mathew Koodarathil aErnakulam:bKerala council of retired college principals,c2025. a184 pages